| 000 | 00364nam a2200133 a 4500 | ||
|---|---|---|---|
| 005 | 20140412111415.0 | ||
| 008 | 070710s19uu xx 00 eng d | ||
| 020 | _a0-7214-1550-4 | ||
| 050 |
_aER _bPr93 1993 |
||
| 245 |
_aThe princess and the pea / _cRobert Ayton ill. |
||
| 260 |
_aU.S.A : _bLadybird books, _c1993. |
||
| 440 | _aFavourite tales | ||
| 999 |
_c105812 _d105812 |
||